đź“–âś’ Paroles "Ă€ Aurore" George Sand - Statistiques

Statistiques générales
  • Ce quiz a Ă©tĂ© pris 34 fois
  • Le rĂ©sultat moyen est 67 sur 94
Statistiques - réponses
Mots % Correct
Ă 
100%
l'
100%
l'
100%
La
100%
la
100%
la
100%
la
100%
La
100%
la
100%
le
100%
c'
92%
c'
92%
on
92%
on
92%
on
92%
on
92%
on
92%
on
92%
on
92%
on
92%
on
92%
t'
92%
aime.
85%
aime,
85%
aime.
85%
est
85%
est
85%
est
85%
est
85%
est
85%
est
85%
Et
85%
mĂŞme.
85%
mĂŞme.
85%
mĂŞme.
85%
qu'
85%
qu'
85%
qu'
85%
qu'
85%
qu'
85%
qu'
85%
qu'
85%
te
85%
toi-
85%
ce
77%
ce
77%
ce
77%
ce
77%
ce
77%
ce
77%
ce
77%
Elle
77%
Elle
77%
Elle
77%
elle
77%
belle
69%
en
69%
en
69%
En
69%
il
69%
qui
69%
qui
69%
voit,
69%
voit,
69%
voit,
69%
pour
62%
que
54%
soi-
54%
soi-
54%
tout
54%
Tout
54%
tout
54%
Tout
54%
tout
54%
Tout
54%
y
54%
croit,
46%
croit
46%
croit
46%
quand
46%
Regarde
46%
sait,
46%
bonne
38%
ciel,
38%
terre,
38%
celui
31%
juste
31%
nature
31%
nature
31%
vérité
31%
sent
23%
veut,
23%
Embrasse
15%
respecte
8%
Aucun quiz correspondant
Distribution des résultats
% des personnes avec chaque résultat
Percentile par nombre de réponses
Votre historique - résultats
Vous n’avez pas pris ce quiz